|
|
|
|
| LEADER |
00993nam a22002297a 4500 |
| 001 |
AAL7308 |
| 003 |
BD-DhAAL |
| 005 |
20160220101933.0 |
| 008 |
160220s 2000bg a|||| |||| 00| 0 ben d |
| 020 |
|
|
|a 984465236
|
| 040 |
|
|
|a BD-DhAAL
|
| 082 |
|
|
|2 22
|a 954.9/205
|
| 100 |
|
|
|a সেনগুপ্ত, রবীন
|9 18083
|
| 245 |
|
|
|a চিত্র-সাংবাদিকের ক্যামেরায় মুক্তিযুদ্ধ /
|c রবীন সেনগুপ্ত
|
| 260 |
|
|
|a ঢাকা :
|b সাহিত্য প্রকাশ,
|c ২০০০
|
| 300 |
|
|
|a ৮৪ পৃ. :
|b চিত্র ;
|c ২০ সে.মি.
|
| 541 |
|
|
|e 7308
|
| 651 |
|
|
|a Bangladesh
|x History
|y Revolution, 1971.
|9 18084
|
| 852 |
|
|
|a Savar Campus Library
|c General Shelf
|
| 942 |
|
|
|2 ddc
|c BK
|
| 999 |
|
|
|c 36897
|d 36897
|
| 952 |
|
|
|0 0
|1 0
|2 ddc
|4 0
|6 954_900000000000000_205_SEN
|7 0
|9 58085
|a SCL
|b SCL
|c GEN
|d 2016-02-20
|g 150.00
|l 1
|o 954.9205 SEN
|p 3020007308
|r 2022-10-05
|s 2022-10-04
|t 1
|w 2016-02-20
|y BK
|